| 000 | 01054cam a2200265 4500 | ||
|---|---|---|---|
| 001 | 7802 | ||
| 003 | BD-JhCC | ||
| 005 | 20231115100732.0 | ||
| 008 | 701216s1970 dcu b 100 0 eng | ||
| 035 | _a(BD-JhCC)7802 | ||
| 040 |
_aDLC _cDLC _dDLC _dBD-JhCC |
||
| 041 | _aeng | ||
| 050 | 0 | 0 |
_aQH315 _b.S727 |
| 082 | 0 | 0 | _a301.2/4 |
| 245 | 0 | 0 |
_aSocial implications of biological education / _cArnold B. Grobman, editor. |
| 260 |
_aWashington, _bNational Association of Biology Teachers _c[1970] |
||
| 300 |
_a134 p. _c23 cm. |
||
| 500 | _aPapers from a symposium sponsored by the Social Implications of Biological Education Committee of the National Association of Biology Teachers at the second annual convention of NABT in Philadelphia, Oct. 1969. | ||
| 504 | _aBibliography: p. 131-134. | ||
| 650 | 0 |
_aBiology _xStudy and teaching. |
|
| 700 | 1 |
_aGrobman, Arnold B. _q(Arnold Brams), _d1918- |
|
| 710 | 2 |
_aNational Association of Biology Teachers. _bCommittee on Social Implications of Biological Education. |
|
| 942 |
_2ddc _cBK |
||
| 999 |
_c7802 _d7802 |
||